000 00753cam a2200217 i 4500
001 41133
003 Mx-PuUPA
005 20251023082838.0
008 140415s? ad gr 000 0 spa d
040 _cMx-PuUPA
041 0 _aspa
082 0 4 _axx
_bxx
_223
100 1 _aChacón Anaya, Daniel
_eautor
245 _aEnergías renovables :
_bla reforma energética del siglo XXI /
_cDaniel Chacón Anaya, David Shields, Eduardo Reyes y otros 9
264 1 _aMéxico, D.F. :
_bKonrad-Adenauer-Stiftung
300 _a226 páginas :
_bilustraciones, gráficas ;
_c22 cm
700 1 _aShields, David,
_eautor
700 1 _aReyes, Eduardo,
_eautor
942 _2ddc
_cLI
_hxx
_ixx
999 _c41133
_d41133